00899nam a2200241 a 450000100100000000500170001000800410002702000150006804000250008308200150010824500180012326000400014130000360018149000120021750001230022950000550035270000500040770000430045783000180050004900090051895201130052799900170064000001286920240306073902.0091118s2004 dr ac 000 0 spa d a8482616900 aDO-SdBNPbspacBNPHU axxxxbC58200aCívica 4 /. aSanto Domingo :bSantillana,c2004. a119 p. :bil., retrs. ;c28 cm.1 aÁmbar aEste libro ha sido realizado de conformidad con el currículum vigente y ha sido sometido a la aprobación de la SEE aCuarto de bachillerato. 2do. curso / Segundo ciclo1 aGarcía Escobar, Obdulia deedir. ed.9292201 aCastro Catrain, Margarita,eed.92922100aÁmbar96599 aBNPD 0010718PDaPDbPDcCTd2009-11-18iLF1l0oxxxx C582p12869-10r2020-06-25w2020-06-25yLFPDZNo se presta c12517d12517